LEADER 01541nam 2200385 n 450 001 996387381703316 005 20221107224533.0 035 $a(CKB)1000000000630310 035 $a(EEBO)2240904151 035 $a(UnM)99864171 035 $a(EXLCZ)991000000000630310 100 $a19931013d1648 uy | 101 0 $aeng 135 $aurbn||||a|bb| 200 14$aThe declaration of Mr. Alexander Henderson, principall minister of the word of God at Edenbrough, and chiefe commissioner from the Kirk of Scotland to the Parliament and Synod of England$b[electronic resource] $emade upon his death-bed 210 $a[London $cs.n.]$dPrinted, an. Dom. 1648 215 $a[4], 11, [1] p 300 $aThe first leaf features patristic and Biblical passages. 300 $aPages 2-3 misnumbered 6 and 7. 300 $aAnnotation on Thomason copy: "May. 16. London". 300 $aReproduction of the original in the British Library. 330 $aeebo-0018 606 $aChurch and state$zScotland$vEarly works to 1800 606 $aLast words 615 0$aChurch and state 615 0$aLast words. 700 $aHenderson$b Alexander$f1583?-1646.$01003757 801 0$bCu-RivES 801 1$bCu-RivES 801 2$bCStRLIN 801 2$bWaOLN 906 $aBOOK 912 $a996387381703316 996 $aThe declaration of Mr. Alexander Henderson, principall minister of the word of God at Edenbrough, and chiefe commissioner from the Kirk of Scotland to the Parliament and Synod of England$92363204 997 $aUNISA LEADER 03447nam 22006735 450 001 9910483572203321 005 20251230061254.0 010 $a3-030-20467-7 024 7 $a10.1007/978-3-030-20467-9 035 $a(CKB)4100000008408927 035 $a(MiAaPQ)EBC5788436 035 $a(DE-He213)978-3-030-20467-9 035 $a(PPN)243766386 035 $a(EXLCZ)994100000008408927 100 $a20190610d2020 u| 0 101 0 $aeng 135 $aurcnu|||||||| 181 $ctxt$2rdacontent 182 $cc$2rdamedia 183 $acr$2rdacarrier 200 10$aAdvances in Human Factors in Robots and Unmanned Systems $eProceedings of the AHFE 2019 International Conference on Human Factors in Robots and Unmanned Systems, July 24-28, 2019, Washington D.C., USA /$fedited by Jessie Chen 205 $a1st ed. 2020. 210 1$aCham :$cSpringer International Publishing :$cImprint: Springer,$d2020. 215 $a1 online resource (XI, 248 p. 98 illus., 77 illus. in color. :) 225 1 $aAdvances in Intelligent Systems and Computing,$x2194-5365 ;$v962 300 $aIncludes index. 311 1 $a3-030-20466-9 330 $aThis book focuses on the importance of human factors in the development of safe and reliable unmanned systems. It discusses current challenges such as how to improve the perceptual and cognitive abilities of robots, develop suitable synthetic vision systems, cope with degraded reliability in unmanned systems, predict robotic behavior in case of a loss of communication, the vision for future soldier?robot teams, human?agent teaming, real-world implications for human?robot interaction, and approaches to standardize both the display and control of technologies across unmanned systems. Based on the AHFE 2019 International Conference on Human Factors in Robots and Unmanned Systems, held on July 24?28, 2019, Washington D.C., USA, this book fosters new discussions and stimulates new advances in the development of more reliable, safer, and highly functional devices for carrying out automated and concurrent tasks. 410 0$aAdvances in Intelligent Systems and Computing,$x2194-5365 ;$v962 606 $aAutomatic control 606 $aRobotics 606 $aAutomation 606 $aUser interfaces (Computer systems) 606 $aHuman-computer interaction 606 $aPsychology, Experimental 606 $aComputational intelligence 606 $aControl, Robotics, Automation 606 $aUser Interfaces and Human Computer Interaction 606 $aExperimental Psychology 606 $aComputational Intelligence 615 0$aAutomatic control. 615 0$aRobotics. 615 0$aAutomation. 615 0$aUser interfaces (Computer systems) 615 0$aHuman-computer interaction. 615 0$aPsychology, Experimental. 615 0$aComputational intelligence. 615 14$aControl, Robotics, Automation. 615 24$aUser Interfaces and Human Computer Interaction. 615 24$aExperimental Psychology. 615 24$aComputational Intelligence. 676 $a629.892 676 $a629.8924019 702 $aChen$b Jessie Y. C.$4edt$4http://id.loc.gov/vocabulary/relators/edt 712 12$aInternational Conference on Human Factors in Robots and Unmanned Systems 906 $aBOOK 912 $a9910483572203321 996 $aAdvances in Human Factors in Robots and Unmanned Systems$92056984 997 $aUNINA